Get on board / (Record no. 3499)

MARC details
000 -LEADER
fixed length control field 00780nam a22002417a 4500
001 - CONTROL NUMBER
control field 3499
003 - CONTROL NUMBER IDENTIFIER
control field FISKH
005 - DATE AND TIME OF LATEST TRANSACTION
control field 20240313141011.0
008 - FIXED-LENGTH DATA ELEMENTS--GENERAL INFORMATION
fixed length control field 240313b cb ||||| |||| 00| 0 eng d
040 ## - CATALOGING SOURCE
Original cataloging agency FISK
Language of cataloging eng
Transcribing agency FISK
Modifying agency FISK
050 ## - LIBRARY OF CONGRESS CALL NUMBER
Classification number E450.H315
082 ## - DEWEY DECIMAL CLASSIFICATION NUMBER
Classification number 973.7115
100 ## - MAIN ENTRY--PERSONAL NAME
Personal name Haskins Jim
Dates associated with a name 1941-2005
245 ## - TITLE STATEMENT
Title Get on board /
Remainder of title The story of the underground railroad
Statement of responsibility, etc. Jim Haskins
260 ## - PUBLICATION, DISTRIBUTION, ETC.
Place of publication, distribution, etc. New York :
Name of publisher, distributor, etc. Scholastic,
Date of publication, distribution, etc. 1993
300 ## - PHYSICAL DESCRIPTION
Extent 152 pages :
Other physical details illustrations,
Dimensions 20 cm
505 ## - FORMATTED CONTENTS NOTE
Formatted contents note Z
520 ## - SUMMARY, ETC.
Summary, etc. Discusses the Underground Railroad, the secret, loosely organized network of people and places that helped many slaves escape north to freedom.
521 8# - TARGET AUDIENCE NOTE
Target audience note 1180
Source Lexile
700 ## - ADDED ENTRY--PERSONAL NAME
Personal name Jim Haskins
942 ## - ADDED ENTRY ELEMENTS (KOHA)
Source of classification or shelving scheme Dewey Decimal Classification
Koha item type Books
Suppress in OPAC No
Holdings
Withdrawn status Lost status Source of classification or shelving scheme Damaged status Not for loan Collection Home library Current library Shelving location Date acquired Total Checkouts Full call number Barcode Date last seen Copy number Price effective from Koha item type
    Dewey Decimal Classification     Non-Fiction Footprints International School Library Network Toul Kork Campus Footprints International School Library Network Toul Kork Campus TTP Secondary Non-Fiction Bookshelves 03/13/2024   HAS E450.H315 973.7115 2024-0318 03/13/2024 1 03/13/2024 Books